01689nab a22003137a 4500999001500000003000400015005001700019008004100036040000700077100003800084245016400122260007300286300001500359500007000374505027900444505013200723505008900855650003500944650002800979650003701007650002001044650002001064650001801084650003401102650004501136650004301181773013801224942001301362 c5648d5648OSt20251226213122.0190603e xxum|||| |||| 00| 0 spa d cPJ 96613a Rodríguez, Jorgelina L. 10aCompensación económica. Cuantiosa suma para una abogada que postergó su crecimiento profesional en pos del proyecto familiar /cJorgelina L. Rodríguez. cCiudad Autónoma de Buenos Aires :aThomson Reuters La Ley, b2025. ap. 164-172 aCita: TR LALEY AR/DOC/431/2025 Publicado en: RCCyC 2025 (junio). aSumario: I. Introducción.— II. Compensación económica.— III. Los hechos del caso y la sentencia de primera instancia.— IV. Procedencia y cuantificación de la compensación económica en el fallo bajo análisis. "Mirada hacia el futuro".— V. Conclusión.  aFallo comentado: CApel. Comodoro Rivadavia ~ 07/11/2024 ~ R. C. c. H., N. A. s/ determinación de compensación económica. t¿Te interesa el texto completo? Solicitalo al correo: koha@justierradelfuego.gov.ar 091497aCODIGO CIVIL Y COMERCIAL 09967aDERECHO DE FAMILIA 095830aCOMPENSACIÓN ECONÓMICA 09962aMATRIMONIO 095369aCÓNYUGE 09977aDIVORCIO 094044aPERSPECTIVA DE GÉNERO 091021aDISOLUCION DE LA SOCIEDAD CONYUGAL 095328aRÉGIMEN DE COMUNIDAD DE BIENES0 0271393170dCiudad Autónoma de Buenos Aires : Thomson Reuters La Ley, 2015-tRevista Código Civil y Comercial. Nº 3 - Junio 2025 2udccANA